[Event "Titled Tue 10th Jun Early"]
[Site "chess.com INT"]
[Date "2025.06.10"]
[Round "5"]
[White "Martinez Ramirez, Lennis"]
[Black "Zaksaite, Salomeja"]
[Result "1-0"]
[WhiteTitle "IM"]
[BlackTitle "WGM"]
[WhiteElo "2442"]
[BlackElo "2133"]
[WhiteFideId "3509079"]
[BlackFideId "12801496"]
[EventDate "2025.06.10"]

1. Nf3 Nf6 2. c4 g6 3. Nc3 Bg7 4. e4 O-O 5. d4 d6 6. h3 Nbd7 7. Bd3 e5 8. d5 Nc5
9. Be3 Nxd3+ 10. Qxd3 a5 11. g4 Nd7 12. O-O-O b6 13. Rdg1 Nc5 14. Qe2 c6 15.
dxc6 Be6 16. h4 Kh8 17. h5 Qc7 18. Ng5 f6 19. Nxe6 Nxe6 20. hxg6 Qxc6 21. Rxh7+
Kg8 22. Nd5 Ra7 23. g5 fxg5 24. Rgh1 Nf4 25. Bxf4 exf4 26. Kb1 f3 27. Qe3 Qxc4
28. Rc1 Qe2 29. Qb3 Qxe4+ 30. Ka1 Qe6 31. Rd1 Qxg6 32. Ne7+ Kxh7 33. Nxg6 Kxg6
34. Rxd6+ Bf6 35. Qd3+ Kg7 36. Rxb6 Re7 37. a4 Re1+ 38. Ka2 Re2 39. Qxf3 Re7 40.
Qc6 Ref7 41. f3 Kg6 42. Rb5 Kg7 43. Qe4 Re7 44. Qc4 Re3 45. Qg4 Re6 46. Rxg5+
Bxg5 47. Qxg5+ Rg6 48. Qe5+ Rgf6 49. Qc7+ Kg6 50. Qxa5 R8f7 51. Qd5 Rxf3 52.
Qe4+ Kg5 53. Qe5+ R7f5 54. Qg7+ Kf4 55. Qc7+ Ke3 56. a5 Kf2 57. a6 R3f4 58. Qc2+
Kg3 59. Qc3+ Kg4 60. Qa3 Rf3 61. Qa4+ R5f4 62. Qd7+ Kg3 63. a7 1-0

[Event "Titled Tue 10th Jun Early"]
[Site "chess.com INT"]
[Date "2025.06.10"]
[Round "5"]
[White "Brezis, Ari"]
[Black "Troltenier, Dirk"]
[Result "0-1"]
[WhiteTitle "CM"]
[BlackTitle "FM"]
[WhiteElo "2179"]
[BlackElo "2174"]
[WhiteFideId "2858541"]
[BlackFideId "4606400"]
[EventDate "2025.06.10"]

1. d4 d5 2. Bf4 c5 3. e3 e6 4. Nf3 Bd6 5. Bxd6 Qxd6 6. Nbd2 Nf6 7. Be2 Nc6 8.
dxc5 Qxc5 9. c4 O-O 10. O-O Qb4 11. Qc2 Bd7 12. a3 Qe7 13. b4 Rac8 14. Qb3 dxc4
15. Nxc4 e5 16. Rfd1 Be6 17. Qb2 Bxc4 18. Bxc4 Ne4 19. Bd5 Ng5 20. Bxc6 Rxc6 21.
Nxe5 Re6 22. Nd3 Ne4 23. Nf4 Rc6 24. Rac1 Rfc8 25. Rxc6 Rxc6 26. Nd5 Qe8 27. Qd4
h6 28. Nf4 Rc2 29. f3 Nc3 30. Rd2 Rc1+ 31. Kf2 Nb5 32. Qb2 Rc3 33. Nd5 Rxa3 34.
e4 Qe6 35. Nc7 Qb6+ 36. Kf1 Qxc7 37. g3 Qc4+ 38. Kg2 Rc3 39. Re2 Nd4 40. Rf2 Rc2
41. Rxc2 Qxc2+ 42. Qxc2 Nxc2 43. Kf2 Nxb4 44. Ke3 Nc6 45. Kd3 a5 46. f4 Kf8 47.
Kc4 Ke7 48. Kb5 Kd7 49. g4 Kc7 50. h4 b6 51. g5 Nd4+ 52. Kc4 Ne6 53. f5 Nxg5 54.
hxg5 hxg5 55. e5 Kc6 56. Kd4 b5 57. Ke4 a4 58. Kd4 a3 59. Kc3 b4+ 60. Kb3 Kd5
61. e6 fxe6 62. fxe6 Kxe6 63. Ka2 g4 64. Kb3 g3 65. Ka2 Kd5 66. Kb3 Kc5 67. Ka2
Kb5 68. Kb3 Ka5 69. Kc2 Ka4 70. Kb1 b3 71. Ka1 g2 72. Kb1 g1=Q# 0-1

[Event "Titled Tue 10th Jun Early"]
[Site "chess.com INT"]
[Date "2025.06.10"]
[Round "5"]
[White "Torres Rebolledo, Alvaro"]
[Black "Tekeyev, Zaur"]
[Result "1-0"]
[WhiteTitle "FM"]
[BlackTitle "IM"]
[WhiteElo "2318"]
[BlackElo "2407"]
[WhiteFideId "54587670"]
[BlackFideId "4199731"]
[EventDate "2025.06.10"]

1. d4 d5 2. c4 e6 3. cxd5 exd5 4. Nc3 c6 5. Bf4 Bd6 6. Bxd6 Qxd6 7. e3 Bf5 8.
Bd3 Bxd3 9. Qxd3 Nd7 10. Nge2 Ngf6 11. O-O O-O 12. Rad1 Rfe8 13. Ng3 h5 14. f3
Qe6 15. e4 h4 16. Nf5 dxe4 17. fxe4 Nxe4 18. Nxh4 Nxc3 19. bxc3 Qe3+ 20. Rf2 Nf6
21. Nf5 Qxd3 22. Rxd3 Re1+ 23. Rf1 Re2 24. Rf2 Rae8 25. Rxe2 Rxe2 26. a3 Ne4 27.
h3 g6 28. Ne7+ Kf8 29. Nc8 f5 30. h4 Ke8 31. c4 Kd7 32. Nxa7 Nf6 33. d5 Kc7 34.
d6+ Kd7 35. c5 Ng4 36. g3 Re3 37. Rxe3 Nxe3 38. Kf2 Nd1+ 39. Kf3 Nc3 40. Kf4 Ne4
41. g4 Nxc5 42. gxf5 gxf5 43. Kxf5 Kxd6 44. h5 Ne6 45. h6 Nf8 46. Nc8+ Kd7 47.
Nb6+ Ke7 48. Nc4 Kf7 49. Ne5+ Kg8 50. Kf6 Kh7 51. Kf7 Ng6 52. Nxg6 b5 53. Ne5 c5
54. Nd3 c4 55. Nb4 Kxh6 56. Ke6 c3 57. Kd5 Kg5 58. Kc5 c2 59. Nxc2 Kf4 60. Nb4
Ke5 61. Kxb5 Ke6 62. Kb6 Kd7 63. Kb7 Kd6 64. a4 Kc5 65. a5 Kb5 66. a6 1-0

[Event "Titled Tue 10th Jun Early"]
[Site "chess.com INT"]
[Date "2025.06.10"]
[Round "5"]
[White "Chernyavsky, Alexander"]
[Black "Ternault, Mathieu"]
[Result "0-1"]
[WhiteTitle "FM"]
[BlackTitle "FM"]
[WhiteElo "2332"]
[BlackElo "2275"]
[WhiteFideId "24131156"]
[BlackFideId "20641532"]
[EventDate "2025.06.10"]

1. d4 d5 2. c4 e6 3. Nc3 c6 4. Nf3 Nf6 5. g3 b6 6. Bg2 Bb7 7. O-O Nbd7 8. Nd2 c5
9. dxc5 bxc5 10. cxd5 exd5 11. Nb3 Ne5 12. Bg5 Be7 13. Bxf6 Bxf6 14. Nxc5 Bc6
15. Nxd5 O-O 16. Nxf6+ Qxf6 17. Bxc6 Qxc6 18. Rc1 Rfd8 19. Qc2 Rac8 20. b4 h5
21. Rfd1 h4 22. Rxd8+ Rxd8 23. Qe4 Qxe4 24. Nxe4 Rd4 25. Rc8+ Kh7 26. Ng5+ Kg6
27. f4 Ng4 28. a3 Rd2 29. Re8 Ra2 30. Nf3 hxg3 31. hxg3 f6 32. Re7 Rxa3 33. Nh4+
Kh5 34. Nf5 Kg6 35. e4 Ra1+ 36. Kg2 Kh5 37. Nxg7+ Kg6 38. Nf5 Kh5 39. Rh7+ Kg6
40. Rg7+ Kh5 41. Nh4 Ra2+ 42. Kf1 Ra1+ 43. Ke2 Ra2+ 44. Ke1 Ra1+ 45. Kd2 Ra2+
46. Kc1 Ne3 47. e5 fxe5 48. fxe5 Rc2+ 49. Kb1 Rc4 50. e6 Rxb4+ 51. Kc1 Re4 52.
Rh7+ Kg4 53. e7 Kxg3 54. Ng6 Kf2 55. Rh8 Rc4+ 56. Kb2 Rb4+ 0-1

[Event "Titled Tue 10th Jun Early"]
[Site "chess.com INT"]
[Date "2025.06.10"]
[Round "5"]
[White "Mummana Venkata Ruthvik"]
[Black "Sathvik Adiga"]
[Result "0-1"]
[WhiteTitle "CM"]
[BlackTitle "IM"]
[WhiteElo "2237"]
[BlackElo "2341"]
[WhiteFideId "25697307"]
[BlackFideId "25745700"]
[EventDate "2025.06.10"]

1. Nf3 Nf6 2. g3 g6 3. Bg2 Bg7 4. O-O O-O 5. d4 d6 6. b3 c5 7. Bb2 cxd4 8. Nxd4
a6 9. Nd2 e5 10. N4f3 Nc6 11. e4 Qe7 12. Qe2 Be6 13. Rfd1 Rfd8 14. Nf1 Rac8 15.
c4 b5 16. cxb5 axb5 17. Ng5 Bd7 18. Ne3 Nd4 19. Bxd4 exd4 20. Nc2 Nd5 21. Qd2
Nc3 22. Re1 d3 23. Nb4 Ne2+ 24. Rxe2 dxe2 25. Nd5 Qe8 26. Re1 h6 27. Nh3 Be6 28.
Rxe2 Bxd5 29. exd5 Qd7 30. Nf4 Qf5 31. h4 Qf6 32. Kh2 Re8 33. Qd3 Rxe2 34. Qxe2
b4 35. Qa6 Re8 36. Qd3 Qc3 37. Qb5 Rc8 38. Qd7 Be5 39. Nd3 Rc7 40. Qd8+ Kg7 41.
Nxe5 dxe5 42. d6 Ra7 43. Qb6 Rd7 44. Bh3 f5 45. Bg2 Qd4 46. Qb5 Qxd6 47. Qc4 Rc7
48. Qe2 e4 49. Qb2+ Qf6 50. Qd2 Rb7 51. Qd5 Qe7 52. Qd4+ Kh7 53. f3 e3 54. Qd1
Rd7 55. Qe2 Rd2 56. Qe1 Rxa2 57. Kg1 e2 58. Kf2 Qc5# 0-1

[Event "Titled Tue 10th Jun Early"]
[Site "chess.com INT"]
[Date "2025.06.10"]
[Round "5"]
[White "Madi, Aidana"]
[Black "Enkhrii Enkh-Amgalan"]
[Result "0-1"]
[WhiteTitle "WFM"]
[BlackTitle "WFM"]
[WhiteElo "1899"]
[BlackElo "2226"]
[WhiteFideId "13722689"]
[BlackFideId "4907272"]
[EventDate "2025.06.10"]

1. e4 e5 2. Nf3 Nc6 3. d4 exd4 4. Bc4 Nf6 5. O-O d6 6. Nxd4 Ne5 7. Bb3 Be7 8.
Nc3 O-O 9. f3 c5 10. Nde2 c4 11. Ba4 a6 12. f4 Ng6 13. Nd5 b5 14. Be3 Nxd5 15.
Qxd5 Rb8 16. Ba7 Bb7 17. Qd4 Rc8 18. f5 Bf6 19. Qe3 Ne5 20. Bb6 Qd7 21. Rad1
bxa4 22. Nf4 Bg5 23. Bd4 Qe7 24. Qg3 Bxf4 25. Rxf4 f6 26. Rh4 h6 27. Rxh6 Bxe4
28. Rh4 Bxf5 29. Rf1 Bxc2 30. Qh3 Qd7 31. Qg3 Ng6 32. Rh5 Qe6 33. Re1 Qd5 34.
Rxd5 Bd3 35. h3 Ne5 36. Bxe5 dxe5 37. Qg4 Rc7 38. Qe6+ Rcf7 39. Rd7 e4 40. Rxf7
Rxf7 41. Qe8+ Rf8 42. Qxa4 f5 43. Qxa6 c3 44. bxc3 Bxa6 45. a4 Bc4 46. Rb1 Ra8
47. Rb4 Bd3 48. Rd4 Rc8 49. Kf2 Rxc3 50. a5 Ra3 51. Rd5 g6 52. h4 Kf7 53. Rd7+
Ke6 54. Ra7 f4 55. Rg7 Ra2+ 56. Ke1 Rxa5 57. Rxg6+ Kf7 58. Rc6 Ra1+ 59. Kf2 Rf1# 0-1

[Event "Titled Tue 10th Jun Early"]
[Site "chess.com INT"]
[Date "2025.06.10"]
[Round "5"]
[White "Chan, Mark"]
[Black "Kozak, Antoni"]
[Result "1-0"]
[WhiteTitle "FM"]
[WhiteElo "2179"]
[BlackElo "2426"]
[WhiteFideId "5800560"]
[BlackFideId "21832030"]
[EventDate "2025.06.10"]

1. d4 Nf6 2. Nf3 g6 3. e3 Bg7 4. Be2 O-O 5. O-O d6 6. b3 Nc6 7. Bb2 e5 8. c4 e4
9. Ne1 h5 10. d5 Ne5 11. Nc3 Bf5 12. Nc2 Qe7 13. Nd4 Bg4 14. h3 Bxe2 15. Qxe2
Nd3 16. Ba3 Nd7 17. f3 Nf4 18. Qd2 Nd3 19. Nxe4 N3e5 20. Bb2 Rae8 21. Rae1 a5
22. Nb5 f5 23. Nf2 Nc5 24. Nd4 Qh4 25. Rd1 f4 26. e4 a4 27. b4 Nxc4 28. Qc2 Nxb2
29. Qxb2 Nd7 30. Qc2 Bxd4 31. Rxd4 Ne5 32. Qxc7 Qf6 33. Qxb7 Nxf3+ 34. gxf3 Qxd4
35. Rc1 Rb8 36. Qd7 Rf7 37. Qxd6 Rbf8 38. Qc5 Qe3 39. Qc3 g5 40. Kg2 Qb6 41. Qc5
Qa6 42. d6 Qe2 43. Rc2 Qe1 44. Rc1 Qe2 45. Qc2 Qb5 46. e5 Qxe5 47. Qg6+ Qg7 48.
Qxh5 Rf6 49. Rd1 Rh6 50. Qg4 Rd8 51. Ne4 Rh4 52. Qe6+ Kh8 53. d7 Rh6 54. Qe8+
Qg8 55. Qe5+ Qg7 56. Qxg7+ Kxg7 57. Nc5 Rc6 58. Rd5 Kf6 59. b5 Rb6 60. Nxa4 Rb7
61. Nc5 Rb6 62. a4 g4 63. hxg4 Rbb8 64. a5 Ke7 65. b6 Rh8 66. b7 Rh6 67. d8=Q+
Rxd8 68. Rxd8 1-0

[Event "Titled Tue 10th Jun Early"]
[Site "chess.com INT"]
[Date "2025.06.10"]
[Round "5"]
[White "Lazavik, Denis"]
[Black "Pranesh, M"]
[Result "1-0"]
[WhiteTitle "GM"]
[BlackTitle "GM"]
[WhiteElo "2580"]
[BlackElo "2580"]
[WhiteFideId "13515110"]
[BlackFideId "35028600"]
[EventDate "2025.06.10"]

1. e4 Nc6 2. Nf3 e5 3. Bc4 Nf6 4. d3 Bc5 5. c3 d6 6. O-O a6 7. a4 Ba7 8. Re1 h6
9. Nbd2 Nh5 10. Nf1 Qf6 11. Ne3 Nf4 12. g3 Nh3+ 13. Kg2 Bxe3 14. Rxe3 Bg4 15.
Qf1 Ng5 16. Ng1 h5 17. h4 Nh7 18. f4 Qe7 19. b4 exf4 20. Qxf4 Ne5 21. Bb3 g5 22.
hxg5 Ng6 23. Qf2 Nxg5 24. Re1 O-O-O 25. Bxg5 Qxg5 26. Nh3 Bxh3+ 27. Kxh3 h4 28.
Qf5+ Qxf5+ 29. exf5 hxg3+ 30. Kxg3 Ne5 31. Rh1 Rhg8+ 32. Kf2 Nxd3+ 33. Ke2 Ne5
34. Rag1 Kd7 35. f6 Rxg1 36. Rxg1 Rh8 37. Rg7 Ke8 38. b5 axb5 39. axb5 Rh6 40.
b6 cxb6 41. Rg8+ Kd7 42. Bd5 Kc7 43. Re8 Rxf6 44. Re7+ Nd7 45. Bxf7 Kd8 46. Re8+
Kc7 47. Re7 b5 48. Be6 Kc8 49. Bxd7+ Kd8 50. Rh7 Rf4 51. Bxb5 Kc8 52. Kd3 Rf3+
53. Kd4 Rf4+ 54. Kd5 Rf5+ 55. Kxd6 Kb8 56. c4 Rf6+ 57. Kc5 Rf8 58. Rd7 Rf6 59.
Rd6 Rf8 60. Kb6 Rh8 61. c5 Rf8 62. Bc4 Rh8 63. Bd5 Rc8 64. Bxb7 Rf8 65. Bd5 1-0

[Event "Titled Tue 10th Jun Early"]
[Site "chess.com INT"]
[Date "2025.06.10"]
[Round "5"]
[White "Harshavardhan, G B"]
[Black "Kazakov, Mikhail"]
[Result "1-0"]
[WhiteTitle "IM"]
[BlackTitle "GM"]
[WhiteElo "2472"]
[BlackElo "2513"]
[WhiteFideId "25059009"]
[BlackFideId "14102749"]
[EventDate "2025.06.10"]

1. Nf3 Nf6 2. g3 g6 3. Bg2 Bg7 4. c4 O-O 5. Nc3 c6 6. e4 d5 7. cxd5 cxd5 8. e5
Ne4 9. d3 Nxc3 10. bxc3 Nc6 11. d4 b6 12. O-O Ba6 13. Re1 Na5 14. Bf4 Rc8 15.
Rc1 Bc4 16. Qd2 Qe8 17. Bh6 Qa4 18. Rc2 f6 19. exf6 exf6 20. Bxg7 Kxg7 21. Rcc1
Rce8 22. h4 Rxe1+ 23. Rxe1 Re8 24. h5 Rxe1+ 25. Qxe1 Qd7 26. a3 Nb7 27. Qe3 Nd6
28. Qf4 g5 29. Nxg5 fxg5 30. Qxg5+ Kf8 31. Bxd5 Bxd5 32. Qxd5 Qe7 33. Qf3+ Ke8
34. Qf4 Qe1+ 35. Kh2 Qe6 36. g4 Kd7 37. f3 Qf7 38. Qe3 Qe6 39. Qd3 h6 40. Kg2
Qf6 41. Qa6 Nc8 42. Qb7+ Kd8 43. a4 Qe7 44. Qd5+ Qd6 45. Qf7 Qe7 46. Qg8+ Kc7
47. Qc4+ Kd8 48. Kf2 Nd6 49. Qd5 Kc7 50. c4 Qh4+ 51. Kg2 Qe7 52. Kf1 Qf7 53.
Qxf7+ Nxf7 54. Ke2 Nd6 55. Kd3 Kc6 56. f4 Nf7 57. Ke4 Nd6+ 58. Ke5 Nxc4+ 59. Ke6
b5 60. axb5+ Kxb5 61. g5 a5 62. gxh6 a4 63. h7 a3 64. h8=Q a2 65. d5 Kc5 66. Qa1 1-0

[Event "Titled Tue 10th Jun Early"]
[Site "chess.com INT"]
[Date "2025.06.10"]
[Round "5"]
[White "Savicevs, Arsenijs"]
[Black "Cornelisse, Lorelei"]
[Result "0-1"]
[WhiteTitle "FM"]
[BlackTitle "WFM"]
[WhiteElo "2211"]
[BlackElo "2138"]
[WhiteFideId "11617489"]
[BlackFideId "1087177"]
[EventDate "2025.06.10"]

1. e4 e5 2. Nf3 Nc6 3. Bc4 Nf6 4. d3 d5 5. exd5 Nxd5 6. O-O Bg4 7. h3 Bh5 8. Re1
Qd6 9. Bb5 f6 10. d4 O-O-O 11. c4 Nxd4 12. g4 Nxb5 13. gxh5 Nb4 14. Qxd6 Nxd6
15. Na3 Nf5 16. Bd2 Nd3 17. Re2 Nxb2 18. Nb5 Nxc4 19. Nxa7+ Kb8 20. Nb5 Bc5 21.
Rc1 Nxd2 22. Nxd2 Bb6 23. Nc4 Nd4 24. Nxd4 Rxd4 25. Nxb6 cxb6 26. Rb2 Rc8 27.
Rxc8+ Kxc8 28. h6 gxh6 29. Rxb6 Rf4 30. Re6 Kd7 31. Rb6 Kc7 32. Re6 h5 33. Re7+
Kc6 34. Rxh7 h4 35. Kg2 b5 36. Rh8 Kc5 37. Rc8+ Kb4 38. Rb8 Ka4 39. Ra8+ Kb4 40.
Rb8 Kc5 41. Rc8+ Kb6 42. Rb8+ Kc6 43. Rc8+ Kb7 44. Re8 b4 45. Rf8 Kc6 46. Rc8+
Kd5 47. Rb8 Kc4 48. Kf1 Kc3 49. Ke2 Kb2 50. Ra8 Rc4 51. Ra4 Kc3 52. Ke3 Rd4 53.
Ra8 Rf4 54. Rb8 Kb2 55. Ra8 Rc4 56. Ra4 Rd4 57. Ra8 f5 58. Ra5 f4+ 59. Ke2 Re4+
60. Kf3 Rd4 61. Rxe5 Kxa2 62. Rb5 b3 63. Ra5+ Kb1 64. Kg4 b2 65. Rb5 Rc4 66.
Kxh4 Kc2 67. Kg5 b1=Q 68. Rxb1 Kxb1 69. h4 Kc2 70. h5 Kd2 71. h6 Ke2 72. h7 Rc8
73. Kxf4 Rh8 74. Ke5 Kxf2 0-1

[Event "Titled Tue 10th Jun Early"]
[Site "chess.com INT"]
[Date "2025.06.10"]
[Round "5"]
[White "Howell, David W L"]
[Black "Matinian, Nikita"]
[Result "0-1"]
[WhiteTitle "GM"]
[BlackTitle "GM"]
[WhiteElo "2668"]
[BlackElo "2421"]
[WhiteFideId "410608"]
[BlackFideId "24129100"]
[EventDate "2025.06.10"]

1. e4 e5 2. Nf3 Nc6 3. d4 exd4 4. Nxd4 Bc5 5. Nb3 Bb6 6. Nc3 a5 7. Nd5 Ba7 8.
Qg4 Kf8 9. Bg5 f6 10. Be3 Bxe3 11. Nxe3 d6 12. Qg3 a4 13. Nd2 a3 14. bxa3 h5 15.
f4 h4 16. Qf2 h3 17. g3 Nh6 18. Bc4 Rxa3 19. O-O Ng4 20. Nxg4 Bxg4 21. Bb3 Qa8
22. Nc4 Ra6 23. Ne3 Bd7 24. Rae1 Qa7 25. Nd5 Nd4 26. Re3 Nxb3 27. axb3 c6 28.
Nb4 Ra1 29. Rxa1 Qxa1+ 30. Re1 Qc3 31. Nd3 Rh5 32. e5 fxe5 33. fxe5+ Rf5 34. Qe3
Qxc2 35. Re2 Qb1+ 36. Re1 Qa2 37. Re2 Qxb3 38. exd6 Qf7 39. Rf2 Rxf2 40. Nxf2
Qd5 41. Qf4+ Ke8 42. Kf1 Be6 43. Ke2 Kd7 44. Ne4 Bf5 45. Ng5 g6 46. g4 Qg2+ 47.
Ke3 Qxg4 48. Nf7 Qxf4+ 49. Kxf4 Be6 50. Ne5+ Kxd6 51. Nxg6 b5 52. Ke3 c5 53. Nf4
b4 54. Kd3 c4+ 55. Kd4 c3 56. Nd3 c2 57. Ke3 b3 58. Kd2 Bc4 59. Nf4 Ke5 60. Nxh3
Bd3 61. Nf2 Bf5 62. Kc1 Kd4 63. Kb2 Ke3 64. Nh1 Kd2 65. Ng3 c1=Q+ 66. Kxb3 Be6+
67. Kb4 Qc4+ 68. Ka5 Qc5+ 69. Ka6 Bc8# 0-1

[Event "Titled Tue 10th Jun Early"]
[Site "chess.com INT"]
[Date "2025.06.10"]
[Round "5"]
[White "Ozen, Batuhan"]
[Black "Slovineanu, Viacheslav"]
[Result "1/2-1/2"]
[WhiteTitle "CM"]
[BlackTitle "IM"]
[WhiteElo "2128"]
[BlackElo "2412"]
[WhiteFideId "6345123"]
[BlackFideId "13900510"]
[EventDate "2025.06.10"]

1. d4 Nf6 2. Nf3 d5 3. g3 e6 4. Bg2 Be7 5. O-O O-O 6. c4 dxc4 7. Ne5 Nc6 8. Nxc6
bxc6 9. Bxc6 Rb8 10. Nc3 Nd5 11. e4 Nb4 12. Ba4 Nd3 13. b3 Qxd4 14. Bd2 Bb7 15.
bxc4 Rfd8 16. Qe2 Nc5 17. Rad1 Nxa4 18. Nxa4 Qxe4 19. Qxe4 Bxe4 20. Be3 Rxd1 21.
Rxd1 Bc2 22. Rd7 Bd6 23. Nc5 Kf8 24. Na6 Rb1+ 25. Kg2 Ke8 26. Rxc7 Bxc7 27.
Nxc7+ Kd7 28. Nb5 a6 29. Nc3 Rb7 30. Kf3 f6 31. Ke2 Bb1 32. Kd1 Bd3 33. Kd2 Bxc4
34. Ne4 Kc6 35. Nc5 Rb5 36. Ne4 Bxa2 37. Nc3 Ra5 38. Kc2 Bc4 39. Kb2 Rh5 40. h4
Re5 41. Nb1 Rb5+ 42. Kc1 Bd3 43. Nc3 Ra5 44. Kd2 Bc4 45. Ne4 e5 46. Kc3 Bd5 47.
Nd2 Ra1 48. Kb2 Ra2+ 49. Kb1 a5 50. Ne4 Bxe4+ 51. Kxa2 Kd5 52. Kb3 Kc6 53. Kc4
Bc2 54. Kc3 Bd1 55. Kd2 Bb3 56. Kc3 a4 57. Kb4 Kd5 58. Ka3 g6 59. Kb4 f5 60. Ka3
Ke4 61. Bc5 f4 62. gxf4 exf4 63. Kb4 Kf5 64. Kc3 Kg4 65. Be7 h6 66. Kd4 Kf3 67.
Ke5 Kg4 68. Ke4 g5 69. hxg5 hxg5 70. f3+ Kh5 71. Kf5 Bd1 72. Bxg5 a3 73. Bxf4 a2
74. Be5 Bxf3 75. Ba1 Bd5 76. Ke5 Bb3 77. Kd4 Kg4 78. Kc3 Bg8 79. Kb2 Kf3 80. Kc1
Ke2 81. Bg7 Kd3 82. Kb2 Kc4 83. Ka1 Kd3 84. Bb2 Kc2 85. Bh8 Kb3 86. Bg7 Bh7 87.
Bh8 Bg6 88. Bg7 Bh7 89. Bh8 Bg6 90. Bg7 Bh7 1/2-1/2

[Event "Titled Tue 10th Jun Early"]
[Site "chess.com INT"]
[Date "2025.06.10"]
[Round "5"]
[White "Tang, Andrew"]
[Black "Niemann, Hans Moke"]
[Result "0-1"]
[WhiteTitle "GM"]
[BlackTitle "GM"]
[WhiteElo "2529"]
[BlackElo "2736"]
[WhiteFideId "2059630"]
[BlackFideId "2093596"]
[EventDate "2025.06.10"]

1. d4 Nf6 2. Nf3 d5 3. Bf4 e6 4. e3 Bd6 5. Nbd2 O-O 6. c3 b6 7. h4 Ba6 8. Bxa6
Nxa6 9. h5 h6 10. Ne5 c5 11. g4 Qc7 12. Rg1 cxd4 13. exd4 Nc5 14. Qe2 Nce4 15.
Nxe4 Nxe4 16. Qe3 f6 17. Ng6 e5 18. Bxh6 gxh6 19. Nxf8 Rxf8 20. O-O-O Ng5 21.
dxe5 Bxe5 22. Kb1 Qc4 23. f3 Rc8 24. Rgf1 Ne6 25. Qxh6 Nf4 26. g5 Qc7 27. gxf6
Qh7+ 28. Qxh7+ Kxh7 29. f7 Kg7 30. Rfe1 Kf6 31. h6 Rh8 32. Rd4 Kf5 33. Ra4 a5
34. h7 Ng6 35. b4 axb4 36. Rxb4 Rxh7 37. Rxb6 Rxf7 38. Rb5 Nf4 39. c4 Nd3 40.
Re3 dxc4 41. Re4 Rc7 42. a4 Kf6 43. a5 Bg3 44. a6 c3 45. Kc2 Ne1+ 46. Rxe1 Bxe1
47. Rb7 Rc8 48. a7 Ra8 49. Kd3 Bd2 50. Rc7 Ke5 51. Rb7 Kd6 52. f4 Kc6 53. Rh7
Kd5 54. f5 Ke5 55. Rf7 Rc8 56. Rc7 Rd8+ 57. Kc2 Kxf5 58. Rb7 Ra8 59. Rh7 Ke5 60.
Kd3 Kd5 61. Rg7 Kc6 62. Kc2 Kb6 63. Rg6+ Kxa7 64. Kb3 Rb8+ 65. Kc2 Rb6 66. Rg8
Rb2+ 67. Kd3 Rb6 68. Rc8 Kb7 69. Rc4 Rd6+ 70. Kc2 Rc6 71. Rb4+ Kc7 72. Rh4 Bg5
73. Rh7+ Kb6 74. Rh3 Bf6 75. Rh5 Kc7 76. Rh7+ Kd6 77. Rh6 Ke6 78. Rh3 Rb6 79.
Kd3 Rb2 80. Rh1 Rd2+ 81. Ke3 Bd4+ 82. Ke4 c2 83. Rc1 Bb2 0-1

[Event "Titled Tue 10th Jun Early"]
[Site "chess.com INT"]
[Date "2025.06.10"]
[Round "5"]
[White "Rustemov, Alexander"]
[Black "Vafin, Ayrat"]
[Result "1-0"]
[WhiteTitle "GM"]
[BlackTitle "FM"]
[WhiteElo "2525"]
[BlackElo "2302"]
[WhiteFideId "4119002"]
[BlackFideId "4146530"]
[EventDate "2025.06.10"]

1. d4 d5 2. c4 e6 3. Nc3 Be7 4. Nf3 Nf6 5. Bg5 h6 6. Bxf6 Bxf6 7. e3 c6 8. Rc1
Nd7 9. Bd3 b6 10. O-O O-O 11. Qe2 dxc4 12. Bxc4 Bb7 13. Rfd1 a5 14. e4 Qb8 15.
e5 Be7 16. Bd3 Rd8 17. Be4 Nf8 18. g3 Ra7 19. Rc2 c5 20. Rcd2 Bxe4 21. Qxe4 Qa8
22. d5 exd5 23. Nxd5 Re8 24. Qc4 Qb8 25. Qb5 Rb7 26. a4 Ne6 27. h4 Bf8 28. Kg2
Rd8 29. Nc3 Rxd2 30. Rxd2 Qa8 31. Qc6 Qb8 32. Nb5 Re7 33. Nd6 Rc7 34. Qd5 Rd7
35. Qc6 Qc7 36. Qxc7 Rxc7 37. Nc4 Rc6 38. Rd7 g6 39. Rb7 Nd4 40. Rxb6 Rc8 41.
Nfd2 Nc6 42. Rb5 Nb4 43. Rxa5 Nd3 44. Rb5 Ra8 45. a5 Bg7 46. f4 g5 47. hxg5 hxg5
48. Kf3 gxf4 49. gxf4 Bh6 50. f5 Bxd2 51. Nxd2 Nxe5+ 52. Ke4 Nd7 53. Nc4 Kg7 54.
Kd5 Ra6 55. Nb6 Nf6+ 56. Kxc5 Ra7 57. b4 Rc7+ 58. Kd4 Ra7 59. Nd5 Rd7 60. a6 Ne8
61. Rb7 Rd6 62. Rb6 Rd8 63. Rc6 Nd6 64. Kc5 Nxf5 65. b5 Ng3 66. b6 Ne4+ 67. Kc4
Nd6+ 68. Rxd6 Rxd6 69. a7 Rd8 70. b7 f5 71. b8=Q Rd7 72. a8=Q Kg6 73. Qg8+ Kh5
74. Qae8+ Rf7 75. Qexf7+ Kh4 76. Qfh7# 1-0

[Event "Titled Tue 10th Jun Early"]
[Site "chess.com INT"]
[Date "2025.06.10"]
[Round "5"]
[White "Alizadeh, Mohammad Mahdi"]
[Black "Paltrinieri, Nicholas"]
[Result "1-0"]
[WhiteTitle "CM"]
[BlackTitle "FM"]
[WhiteElo "2039"]
[BlackElo "2359"]
[WhiteFideId "22598820"]
[BlackFideId "828262"]
[EventDate "2025.06.10"]

1. Nf3 f5 2. g3 Nf6 3. Bg2 d6 4. d4 e6 5. O-O Be7 6. Nc3 O-O 7. Re1 d5 8. Bf4 c6
9. Ne5 Nbd7 10. a3 Ne4 11. Nxe4 fxe4 12. c4 Bg5 13. Nxd7 Bxd7 14. Bd6 Rf7 15. f3
dxc4 16. f4 Bf6 17. e3 Be8 18. Be5 Bxe5 19. fxe5 Qb6 20. Qc2 c5 21. Rad1 Bc6 22.
dxc5 Qxc5 23. Bxe4 Qxe5 24. Bxc6 bxc6 25. Qxc4 Qxb2 26. Re2 Qe5 27. Qxc6 Raf8
28. Qc2 h5 29. Qc4 Rf3 30. Qd4 Qf5 31. Ree1 Rf2 32. Qh4 Qf3 33. Qh3 Rf5 34. e4
Rf6 35. Rd8+ Kh7 36. Rdd1 Ra2 37. Rf1 Qe3+ 38. Kh1 Qxe4+ 39. Kg1 Qe3+ 40. Kh1
Raf2 41. Qxh5+ Kg8 42. Rd8+ Rf8 43. Rxf8+ Kxf8 44. Qh8+ Kf7 45. Qh5+ Ke7 46.
Qh4+ Ke8 47. Qh5+ Kf8 48. Qh8+ Kf7 49. Qh5+ Kf6 50. Qh4+ g5 51. Qh8+ Ke7 52.
Qg7+ Kd6 53. Rxf2 Qxf2 54. h4 Qxg3 55. Qxg5 Qh3+ 56. Kg1 Qxa3 57. h5 Qa1+ 58.
Kg2 Qb2+ 59. Kg3 Qe5+ 60. Kg4 Qe4+ 61. Kg3 Qd3+ 62. Kg4 Qd4+ 63. Kg3 Qd3+ 64.
Kg4 Qc4+ 65. Kg3 Qc3+ 66. Kg4 a5 67. h6 a4 68. Qd8+ Kc5 69. Qc8+ Kb4 70. Qxc3+
Kxc3 71. h7 Kb3 72. h8=Q a3 73. Qa1 a2 74. Kf4 1-0

[Event "Titled Tue 10th Jun Early"]
[Site "chess.com INT"]
[Date "2025.06.10"]
[Round "5"]
[White "Moro Saidon, Gonzalo"]
[Black "Ochedzan, Filip"]
[Result "1-0"]
[BlackTitle "CM"]
[WhiteElo "2114"]
[BlackElo "1983"]
[WhiteFideId "140082"]
[BlackFideId "21892610"]
[EventDate "2025.06.10"]

1. Nf3 g6 2. g3 Bg7 3. d4 d5 4. Bg2 Nf6 5. O-O O-O 6. c4 c6 7. cxd5 cxd5 8. Nc3
Nc6 9. Ne5 Bf5 10. Nxc6 bxc6 11. Bf4 Re8 12. Rc1 Rc8 13. Be5 Qa5 14. b3 Nd7 15.
Bxg7 Kxg7 16. Na4 e5 17. dxe5 Rxe5 18. Qd4 Kg8 19. Nc5 Rxe2 20. g4 Be6 21. Bxd5
cxd5 22. Nxe6 Rxe6 23. Rxc8+ Nf8 24. Qc5 Qxc5 25. Rxc5 Rd6 26. Rd1 d4 27. Rc4
Ne6 28. Kg2 Kg7 29. Kf3 Kf6 30. h4 Ke5 31. Ra4 a6 32. Ra5+ Kf6 33. g5+ Ke7 34.
Ke4 Kd7 35. Rd5 Rxd5 36. Kxd5 Kc7 37. Rxd4 Ng7 38. Ra4 Kb7 39. Ke5 Ne8 40. f3
Kb6 41. Rd4 Kc7 42. Rc4+ Kb7 43. Re4 Kc6 44. Kd4 Nd6 45. Rf4 Kd7 46. Rf6 Nb5+
47. Ke3 Ke7 48. Rxa6 Nc3 49. Ra7+ Ke6 50. Ra6+ Kf5 51. Rc6 Nd5+ 52. Kd4 Kf4 53.
Kxd5 Kxf3 54. Rf6+ Kg4 55. Rxf7 Kxh4 56. Rxh7+ Kxg5 57. Rg7 Kf6 58. Rxg6+ Kxg6
59. Kd6 Kf6 60. b4 Kf5 61. b5 Ke4 62. b6 Kd4 63. b7 Kc4 64. b8=Q Kc3 65. Qb5 Kd4
66. Qd5+ Ke3 67. Qc4 Kf2 68. Qd3 Ke1 69. a3 Kf2 70. a4 Kg1 71. a5 Kf2 72. a6 Kg1
73. a7 Kf2 74. Qe4 Kg1 75. Qf3 Kh2 76. Qg4 Kh1 77. a8=B+ Kh2 78. Qg2# 1-0